000 00704nam a22002537a 4500
003 UA-OsUOA
001 21523
007 ta
008 20031211b un ||||| |||| 00| 0 ukr d
100 _aТрофимова Г.Г.
090 _a340:311(075)
_bТ76
942 _cBK
040 _aUA-OsUOA
_bukr
_cUA-OsUOA
_dUA-OsUOA
245 _aПравова статистика
_bНавчально-методичний поісібник
_cРец. Л.Л.ВіктороваРец. Е.М.Лібанова
300 _a75 с.
955 _a0
041 _aukr
080 _a340:311(075)
020 _a966-574-212-4
260 _aК.
_bКНЕУ
_c2001
044 _aUA
650 7 _2UDC
999 _c307724
_d307724